[Event "Xtracon Grand Master 2014"]
[Site "Asgaard Skole"]
[Date "2014.10.12"]
[Round "3.2"]
[White "Anghel, Mihai Ursta"]
[Black "Danielsen, Henrik"]
[Result "0-1"]
[WhiteElo "1835"]
[BlackElo "2490"]
[PlyCount "50"]
[EventDate "2014.??.??"]
[WhiteTeam "Haslev Skakklub"]
[BlackTeam "BMS Skak"]

1. e4 d6 2. d4 Nf6 3. Nc3 Nbd7 4. f4 e5 5. Nf3 c6 6. Be2 Qc7 7. O-O Be7 8. fxe5
dxe5 9. dxe5 Ng4 10. Nd4 Ndxe5 11. h3 Nf6 12. Kh1 O-O 13. Nf5 Bxf5 14. exf5
Rfe8 15. Bf4 Rad8 16. Qe1 Bb4 17. a3 Bxc3 18. Qxc3 Nd5 19. Qg3 Nxf4 20. Rxf4 f6
21. Rh4 Re7 22. Qb3+ Kh8 23. Bc4 Red7 24. Be6 Rd1+ 25. Rxd1 Rxd1+ 0-1

[Event "Xtracon Grand Master 2014"]
[Site "Koge"]
[Date "2014.10.12"]
[Round "3.3"]
[White "Baklan, Vladimir"]
[Black "Stuhr, Peter Sebastian"]
[Result "1-0"]
[WhiteElo "2656"]
[BlackElo "1927"]
[PlyCount "63"]
[EventDate "2014.??.??"]
[WhiteClock "0:42:18"]
[BlackClock "0:22:45"]

1. e4 d6 2. g3 Nf6 3. Bg2 Nbd7 4. d4 e5 5. Ne2 c6 6. O-O Be7 7. a4 b6 8. b3 Qc7
9. h3 O-O 10. c4 exd4 11. Nxd4 Nc5 12. Nc3 a5 13. g4 h6 14. Ra2 Re8 15. Nxc6
Bb7 16. Nxe7+ Qxe7 17. f3 g5 18. Rd2 Red8 19. Nb5 Ne8 20. Nd4 Ng7 21. Re2 Re8
22. Rfe1 Qd7 23. Nb5 Red8 24. Rd2 Ne8 25. e5 d5 26. cxd5 Bxd5 27. Nc3 Bxb3 28.
Rxd7 Bxd1 29. Rdxd1 Rac8 30. Rxd8 Rxd8 31. Be3 Rc8 32. Nd5 1-0

[Event "Xtracon Grand Master 2014"]
[Site "Koge"]
[Date "2014.10.12"]
[Round "3.4"]
[White "Rozentalis, Eduardas"]
[Black "Wang, Peter"]
[Result "1-0"]
[WhiteElo "2600"]
[BlackElo "1877"]
[PlyCount "69"]
[EventDate "2014.??.??"]
[WhiteClock "1:08:10"]
[BlackClock "0:53:07"]

1. e4 e6 2. d4 d5 3. Nd2 Nf6 4. e5 Nfd7 5. Bd3 c5 6. c3 Nc6 7. Ne2 cxd4 8. cxd4
f6 9. exf6 Nxf6 10. Nf3 Bd6 11. O-O O-O 12. Bf4 Bxf4 13. Nxf4 Ne4 14. Qc1 Qd6
15. g3 g5 16. Bxe4 gxf4 17. Bd3 Bd7 18. Bb5 Rf6 19. Bxc6 Bxc6 20. Ne5 Bb5 21.
Re1 Raf8 22. Qd2 f3 23. Rac1 Qe7 24. Qg5+ Kh8 25. Rc3 Qe8 26. Rc7 R6f7 27.
Nxf7+ Rxf7 28. Rxf7 Qxf7 29. Qe5+ Kg8 30. Qxe6 Be2 31. Qc8+ Kg7 32. Rc1 Bc4 33.
b3 Qh5 34. bxc4 Qg5 35. cxd5 1-0

[Event "Xtracon Grand Master 2014"]
[Site "Koge"]
[Date "2014.10.12"]
[Round "3.5"]
[White "Undheim, Bjarne"]
[Black "Smith, Axel"]
[Result "0-1"]
[WhiteElo "1912"]
[BlackElo "2474"]
[PlyCount "92"]
[EventDate "2014.??.??"]
[WhiteClock "0:00:35"]
[BlackClock "0:38:57"]

1. e4 c5 2. Nf3 e6 3. b3 b6 4. Bb2 Bb7 5. Nc3 Nc6 6. g3 Be7 7. Bg2 Bf6 8. O-O
Nge7 9. Rb1 O-O 10. Re1 d6 11. d3 a6 12. Qe2 b5 13. a4 b4 14. Nd1 Bxb2 15. Nxb2
e5 16. Nc4 Bc8 17. h3 Be6 18. Kh2 Rb8 19. Ne3 Qd7 20. Nh4 Nd4 21. Qd1 Kh8 22.
Rf1 Ng6 23. Nf3 f6 24. Qd2 Bxh3 25. Nxd4 Bxg2 26. Kxg2 cxd4 27. Nf5 Ne7 28.
Nxe7 Qxe7 29. Rh1 a5 30. Rh2 h6 31. Rbh1 Rf7 32. Kf1 Kg8 33. Qe2 Qe6 34. g4 Rc8
35. Qd1 Rfc7 36. f3 d5 37. Rg2 Qf7 38. Rhh2 Rc3 39. Kg1 dxe4 40. fxe4 Qg6 41.
Qf3 Qg5 42. Rd2 h5 43. Rhg2 hxg4 44. Qg3 Rxb3 45. Rd1 Rbc3 46. Rh2 Rxc2 0-1

[Event "Xtracon Grand Master 2014"]
[Site "Asgaard Skole"]
[Date "2014.10.12"]
[Round "3.6"]
[White "Kokholm, Daniel"]
[Black "Pedersen, Hans Dahl"]
[Result "1/2-1/2"]
[WhiteElo "1899"]
[BlackElo "2171"]
[PlyCount "47"]
[EventDate "2014.??.??"]
[WhiteTeam "Skakklubben K41"]
[BlackTeam "Køge Skakklub"]

1. e4 c5 2. Nc3 e6 3. f4 a6 4. Nf3 b5 5. d3 Bb7 6. g3 d5 7. Qe2 Be7 8. Bg2 b4
9. Nd1 Nf6 10. e5 Nfd7 11. O-O O-O 12. Nf2 Nc6 13. Kh1 Nd4 14. Nxd4 cxd4 15.
Bd2 Rc8 16. Rfc1 Qb6 17. Bh3 Rc6 18. f5 Qc7 19. Bf4 Rc8 20. f6 Bf8 21. fxg7
Bxg7 22. Qh5 f5 23. exf6 Nxf6 24. Qe2 1/2-1/2

[Event "Xtracon Grand Master 2014"]
[Site "Asgaard Skole"]
[Date "2014.10.12"]
[Round "3.7"]
[White "Christensen, Casper"]
[Black "Bojesen, Villads Ussing"]
[Result "1-0"]
[WhiteElo "1988"]
[BlackElo "1838"]
[PlyCount "113"]
[EventDate "2014.??.??"]
[WhiteTeam "BMS Skak"]
[BlackTeam "Skakforeningen ØBRO"]

1. e4 e5 2. Nf3 Nc6 3. Bb5 Nf6 4. O-O Nxe4 5. Re1 Nd6 6. Nxe5 Nxe5 7. Rxe5+ Be7
8. Ba4 O-O 9. d4 Bf6 10. Re1 Nf5 11. c3 d5 12. Bc2 Re8 13. Rxe8+ Qxe8 14. Bf4
Qe7 15. Na3 Nd6 16. Qh5 g6 17. Qxd5 Be6 18. Qf3 Bxa2 19. h3 Qe6 20. Bxd6 Bd5
21. Qf4 Qxd6 22. Qxd6 cxd6 23. Nb5 Bd8 24. Nxd6 Bc7 25. Be4 Bxe4 26. Nxe4 Kg7
27. Kf1 Re8 28. Nd2 Bb6 29. Nc4 Re6 30. Nxb6 Rxb6 31. b4 Rc6 32. Rc1 b5 33. Ke2
Kf6 34. Kd3 Ke6 35. Re1+ Kd7 36. Re5 a6 37. h4 Rf6 38. f3 Rc6 39. d5 Rc4 40.
Re4 Rc8 41. c4 bxc4+ 42. Rxc4 Rb8 43. Kc3 Re8 44. Rc6 Re3+ 45. Kc4 Ra3 46. Kc5
Ra2 47. Kb6 Rb2 48. Rc4 Rxg2 49. Kxa6 Rd2 50. b5 Ra2+ 51. Kb7 Rb2 52. b6 Kd6
53. Rc6+ Kxd5 54. Kc7 f5 55. b7 Ke5 56. Rb6 Rc2+ 57. Kd7 1-0

[Event "Xtracon Grand Master 2014"]
[Site "Asgaard Skole"]
[Date "2014.10.12"]
[Round "3.8"]
[White "Semcesen, Daniel"]
[Black "Larsen, Preben R"]
[Result "1-0"]
[WhiteElo "2480"]
[BlackElo "1800"]
[PlyCount "119"]
[EventDate "2014.??.??"]
[WhiteTeam "Skanderborg Skakklub"]
[BlackTeam "Roskilde Skakklub"]

1. d4 d5 2. c4 dxc4 3. Nf3 c6 4. e3 b5 5. a4 e6 6. b3 Bb4+ 7. Bd2 Bxd2+ 8.
Nfxd2 cxb3 9. axb5 Ne7 10. Qxb3 cxb5 11. Bxb5+ Bd7 12. O-O O-O 13. Nc3 Nbc6 14.
Ra6 Nb8 15. Ra4 Bxb5 16. Qxb5 Nbc6 17. Rfa1 Qc7 18. Nde4 Rab8 19. Qc5 Qb6 20.
Qc4 Qb3 21. Qd3 Qb6 22. h3 h6 23. Nc5 Qd8 24. Qc4 a5 25. N3e4 Rb4 26. Rxb4 axb4
27. Nd3 Qd5 28. Nd2 Qxc4 29. Nxc4 Rb8 30. Kf1 Kf8 31. Ke1 Ke8 32. Nd6+ Kf8 33.
Kd2 Nd5 34. Ra6 b3 35. Rxc6 b2 36. Nxb2 Rxb2+ 37. Rc2 Rb8 38. Rc8+ Rxc8 39.
Nxc8 Ke8 40. Nd6+ Ke7 41. Nc4 Ke8 42. Ne5 Ke7 43. f3 Ke8 44. Nd3 Ke7 45. e4 Nc7
46. Ne5 Ke8 47. Kd3 Ke7 48. Kc4 f6 49. Nc6+ Kd6 50. Na7 Kd7 51. Kc5 Na6+ 52.
Kb5 Nc7+ 53. Kb6 Ne8 54. Nb5 g6 55. Kc5 g5 56. g4 Ng7 57. Nd6 h5 58. e5 hxg4
59. hxg4 Ke7 60. Ne4 1-0

[Event "Xtracon Grand Master 2014"]
[Site "Asgaard Skole"]
[Date "2014.10.12"]
[Round "3.9"]
[White "Karlsson, Ulf"]
[Black "Krasenkow, Michal"]
[Result "0-1"]
[WhiteElo "2009"]
[BlackElo "2631"]
[PlyCount "64"]
[EventDate "2014.??.??"]

1. e4 g6 2. Nc3 Bg7 3. g3 c5 4. d3 Nc6 5. Bg2 d6 6. f4 e6 7. Nf3 Nge7 8. O-O
O-O 9. Bd2 Rb8 10. Rb1 b5 11. a3 a5 12. a4 bxa4 13. Nxa4 Nd4 14. b3 Bd7 15.
Nxd4 cxd4 16. Ra1 Rb5 17. Nb2 d5 18. g4 Nc6 19. f5 Nb4 20. Rf2 dxe4 21. Bxe4
exf5 22. gxf5 Nd5 23. Qf3 Ne3 24. f6 Bh8 25. Nc4 Ng4 26. Raf1 Bxf6 27. Rg2 Bg5
28. Bc6 Rf5 29. Bxg5 Qxg5 30. Qe4 Rxf1+ 31. Kxf1 Qc1+ 32. Qe1 Qf4+ 0-1

[Event "Xtracon Grand Master 2014"]
[Site "Asgaard Skole"]
[Date "2014.10.12"]
[Round "3.10"]
[White "Jørgensen, Alexander Torp"]
[Black "Ahlander, Björn"]
[Result "0-1"]
[WhiteElo "1882"]
[BlackElo "2401"]
[PlyCount "64"]
[EventDate "2014.??.??"]
[WhiteTeam "Næstved Skakklub"]
[BlackTeam "Skakklubben Nordkalotten"]

1. d4 f5 2. g3 Nf6 3. Bg2 g6 4. c4 Bg7 5. Nc3 O-O 6. e3 d6 7. Nge2 c6 8. b3 a5
9. Bb2 Na6 10. O-O Bd7 11. Qd2 Rb8 12. d5 Nc5 13. Nd4 Qc7 14. a3 e5 15. dxe6
Nxe6 16. Rad1 Rbd8 17. b4 axb4 18. axb4 Rfe8 19. Rfe1 Ng4 20. Nf3 Bc8 21. h3
Nf6 22. Qc2 Qb6 23. Qb3 Kh8 24. Na4 Qc7 25. Nc3 Qf7 26. b5 Nc5 27. Qb4 Nfe4 28.
bxc6 bxc6 29. Nxe4 fxe4 30. Bxg7+ Qxg7 31. Nd4 Nd3 32. Rxd3 c5 0-1

[Event "Xtracon Grand Master 2014"]
[Site "Asgaard Skole"]
[Date "2014.10.12"]
[Round "3.11"]
[White "Pedersen, Henrik Dahl"]
[Black "Sørensen, Dick"]
[Result "0-1"]
[WhiteElo "2175"]
[BlackElo "1982"]
[PlyCount "78"]
[EventDate "2014.??.??"]
[WhiteTeam "Køge Skakklub"]
[BlackTeam "Frederiksberg Skakforening"]

1. d4 d5 2. c4 e6 3. Nf3 c6 4. e3 f5 5. Nc3 Nf6 6. Bd3 Bd6 7. Bd2 O-O 8. Qc2
Ne4 9. Rb1 Nd7 10. b4 Ndf6 11. b5 Qe8 12. bxc6 bxc6 13. cxd5 exd5 14. Ne2 Bd7
15. Bb4 Bxb4+ 16. Rxb4 Ng4 17. O-O Nexf2 18. Rxf2 Qxe3 19. Nc1 Nxf2 20. Qxf2
Qxc1+ 21. Bf1 Rab8 22. Ra4 Rb7 23. Ne5 f4 24. Ra6 Rf6 25. Nd3 Qe3 26. a3 Bf5
27. Nb4 Rc7 28. Ra5 Be4 29. Ra6 g5 30. Be2 Kg7 31. Ra5 Kg6 32. h3 h5 33. Bd1
Kh6 34. Ra6 Qc1 35. Qf1 f3 36. Kh2 Qf4+ 37. g3 Qd2+ 38. Kg1 f2+ 39. Kh2 Qxd1
0-1

[Event "Xtracon Grand Master 2014"]
[Site "Asgaard Skole"]
[Date "2014.10.12"]
[Round "3.12"]
[White "Høi, Carsten"]
[Black "Nielsen, Viktor Haarmark"]
[Result "1-0"]
[WhiteElo "2395"]
[BlackElo "2052"]
[PlyCount "93"]
[EventDate "2014.??.??"]
[WhiteTeam "Brønshøj Skakforening"]
[BlackTeam "Skakforeningen ØBRO"]

1. d4 Nf6 2. Nf3 e6 3. e3 c5 4. Bd3 b6 5. O-O Bb7 6. c4 Be7 7. Nc3 O-O 8. d5
exd5 9. cxd5 d6 10. e4 Nbd7 11. Bf4 a6 12. a4 Nh5 13. Be3 g6 14. Nd2 Bf6 15. f4
Re8 16. Qf3 Qe7 17. Rae1 b5 18. axb5 axb5 19. Bxb5 Ba6 20. Bxa6 Rxa6 21. e5
dxe5 22. f5 e4 23. Ndxe4 Ne5 24. Qe2 c4 25. d6 Qd8 26. fxg6 hxg6 27. Nd5 Rxd6
28. Nxd6 Qxd6 29. Nxf6+ Nxf6 30. Bf4 Qd4+ 31. Be3 Qd6 32. Rd1 Qe6 33. Bd4 Nfd7
34. Rde1 Qd6 35. Qf2 Re7 36. Ra1 Qd5 37. Qh4 Re8 38. Rad1 Qe6 39. Rde1 Qd5 40.
Re3 f6 41. Rh3 Nf7 42. Bxf6 Nxf6 43. Qxf6 Qe6 44. Qh4 g5 45. Qh7+ Kf8 46. Rhf3
Re7 47. Qh8# 1-0

[Event "Xtracon Grand Master 2014"]
[Site "Asgaard Skole"]
[Date "2014.10.12"]
[Round "3.13"]
[White "Møller, Arne Vagn"]
[Black "Adan Bermudez, Sergio"]
[Result "0-1"]
[WhiteElo "1871"]
[BlackElo "2357"]
[PlyCount "38"]
[EventDate "2014.??.??"]
[WhiteTeam "Amager Skakforening"]
[BlackTeam "Skakklubben K41"]

1. e4 d6 2. d4 Nf6 3. Nc3 e5 4. dxe5 dxe5 5. Qxd8+ Kxd8 6. Bg5 Be6 7. a3 Nbd7
8. Nf3 c6 9. h3 Be7 10. Nd2 b5 11. Be3 a5 12. Be2 Kc7 13. O-O Rhd8 14. Rfd1 Bc5
15. Bxc5 Nxc5 16. f3 b4 17. Na2 Na4 18. Nc4 Rxd1+ 19. Rxd1 Bxc4 0-1

[Event "Xtracon Grand Master 2014"]
[Site "Asgaard Skole"]
[Date "2014.10.12"]
[Round "3.14"]
[White "Carstensen, Jacob"]
[Black "Jacobsen, Mikkel Manosri"]
[Result "1-0"]
[WhiteElo "2357"]
[BlackElo "1944"]
[PlyCount "59"]
[EventDate "2014.??.??"]
[WhiteTeam "Brønshøj Skakforening"]
[BlackTeam "BMS Skak"]

1. d4 d5 2. c4 c6 3. Nf3 Nf6 4. Nc3 e6 5. g3 Nbd7 6. Bg2 Be7 7. O-O O-O 8. b3
b6 9. Qd3 Bb7 10. Rd1 c5 11. cxd5 Nxd5 12. Nxd5 exd5 13. Bb2 Bf6 14. Rac1 Re8
15. e3 a5 16. Ba3 a4 17. dxc5 bxc5 18. Bxc5 Nxc5 19. Rxc5 Qb6 20. Qb5 Re6 21.
bxa4 Qxb5 22. axb5 Rxa2 23. Nd4 Rb6 24. Bxd5 Be7 25. Rc6 Bxc6 26. Nxc6 Rc2 27.
Nxe7+ Kf8 28. Nf5 Rxb5 29. Ra1 Rb8 30. Ra7 1-0

[Event "Xtracon Grand Master 2014"]
[Site "Asgaard Skole"]
[Date "2014.10.12"]
[Round "3.15"]
[White "Nielsen, Kai Gylling"]
[Black "Percivaldi, Martin"]
[Result "0-1"]
[WhiteElo "1846"]
[BlackElo "2324"]
[PlyCount "86"]
[EventDate "2014.??.??"]
[WhiteTeam "Roskilde Skakklub"]
[BlackTeam "Hillerød Skakklub"]

1. d4 d5 2. Nf3 Nf6 3. c4 c6 4. Nc3 a6 5. Bg5 b5 6. c5 Nbd7 7. e3 g6 8. Bd3 Bg7
9. O-O O-O 10. b4 a5 11. a3 h6 12. Bh4 Bb7 13. Qc2 Re8 14. Bg3 Nh5 15. Nh4 Nxg3
16. hxg3 e5 17. dxe5 Nxe5 18. Be2 Nc4 19. Bxc4 bxc4 20. Rab1 axb4 21. axb4 Bc8
22. Rfd1 Be6 23. Ne2 Qc8 24. Qd2 g5 25. Nf3 Bf5 26. Rbc1 Qb7 27. Ned4 Be4 28.
Ra1 Reb8 29. Rxa8 Rxa8 30. Ne1 Ra4 31. f3 Bg6 32. Nec2 Ra2 33. Rc1 Bxd4 34.
exd4 Rxc2 35. Rxc2 Bxc2 36. Qxc2 Qxb4 37. Qf5 Qe1+ 38. Kh2 c3 39. f4 Qe2 40. g4
c2 41. fxg5 c1=Q 42. g6 Qcf1 43. gxf7+ Kf8 0-1

[Event "Xtracon Grand Master 2014"]
[Site "Asgaard Skole"]
[Date "2014.10.12"]
[Round "3.16"]
[White "Bekker-Jensen, David"]
[Black "Hansen, Verner"]
[Result "1-0"]
[WhiteElo "2289"]
[BlackElo "1870"]
[PlyCount "37"]
[EventDate "2014.??.??"]
[WhiteTeam "Philidor"]
[BlackTeam "Espergærde Skakklub"]

1. d4 d5 2. c4 c6 3. Nc3 Bf5 4. cxd5 cxd5 5. Qb3 Nc6 6. Nf3 e6 7. Qxb7 Qc8 8.
Qxc8+ Rxc8 9. Bf4 Nf6 10. e3 Bb4 11. Ba6 O-O 12. Bxc8 Rxc8 13. Ke2 Bxc3 14.
bxc3 Na5 15. Nh4 Bc2 16. Rhc1 Ba4 17. Rab1 a6 18. Rb8 Bb5+ 19. Ke1 1-0

[Event "Xtracon Grand Master 2014"]
[Site "Asgaard Skole"]
[Date "2014.10.12"]
[Round "3.17"]
[White "Stojanovski, Sandi"]
[Black "Singh, Karamtej"]
[Result "1-0"]
[WhiteElo "2167"]
[BlackElo "1827"]
[PlyCount "73"]
[EventDate "2014.??.??"]
[WhiteTeam "Skakklubben K41"]
[BlackTeam "Skakklubben K41"]

1. d4 Nf6 2. c4 g6 3. Nc3 Bg7 4. e4 d6 5. Nf3 O-O 6. Be2 e5 7. O-O Nc6 8. Be3
Ng4 9. Bg5 f6 10. Bc1 exd4 11. Nxd4 Nxd4 12. Qxd4 Be6 13. Qd1 Ne5 14. f4 Nd7
15. f5 Bf7 16. Bf4 Ne5 17. b3 c6 18. Kh1 Qa5 19. Rc1 Rad8 20. Qc2 Rd7 21. h3
Rfd8 22. Rfd1 Bf8 23. Bf1 Kg7 24. Be3 Rc8 25. Qf2 Qd8 26. Ne2 b6 27. Nf4 g5 28.
Nd3 Nxd3 29. Bxd3 d5 30. cxd5 cxd5 31. Rxc8 Qxc8 32. e5 fxe5 33. f6+ Kg8 34.
Bf5 h6 35. Qg3 d4 36. Bxg5 hxg5 37. Qxg5+ 1-0

[Event "Xtracon Grand Master 2014"]
[Site "Asgaard Skole"]
[Date "2014.10.12"]
[Round "3.18"]
[White "Nielsen, Jens Holm"]
[Black "Grabow, Pouelsten Holm"]
[Result "0-1"]
[WhiteElo "1811"]
[BlackElo "2124"]
[PlyCount "104"]
[EventDate "2014.??.??"]
[WhiteTeam "Amager Skakforening"]
[BlackTeam "Skakklubben Evans"]

1. d4 d5 2. Bf4 c6 3. c3 Bf5 4. Qb3 Qb6 5. Nd2 Nf6 6. Ngf3 Nbd7 7. e3 Nh5 8.
Be2 Nxf4 9. exf4 h6 10. Qxb6 axb6 11. O-O e6 12. Ne5 f6 13. Bh5+ Ke7 14. Ng6+
Bxg6 15. Bxg6 f5 16. Rfe1 Kf6 17. Bh5 Bd6 18. g3 g5 19. Nf3 gxf4 20. Ne5 Nxe5
21. dxe5+ Bxe5 22. Re2 fxg3 23. fxg3 Bd6 24. Rae1 e5 25. Rf1 Rhg8 26. Kh1 Rxa2
27. Ref2 f4 28. gxf4 exf4 29. Re2 Rg5 30. Bf3 Ra8 31. Rd1 b5 32. Rde1 Re5 33.
Rg1 Rxe2 34. Bxe2 Bc5 35. Rf1 Be3 36. Kg2 Ke5 37. Kf3 Ra4 38. Rb1 b4 39. Bd1
Ra2 40. cxb4 Bd4 41. b5 Rxb2 42. Rxb2 Bxb2 43. bxc6 bxc6 44. Bc2 Bc1 45. h4 c5
46. Ke2 c4 47. h5 d4 48. Ba4 d3+ 49. Kf3 Be3 50. Bb5 Kd4 51. Kg2 c3 52. Kf3 c2
0-1

[Event "Xtracon Grand Master 2014"]
[Site "Asgaard Skole"]
[Date "2014.10.12"]
[Round "3.19"]
[White "Tolba, Henri"]
[Black "Nielsen, Jørgen Løvgren"]
[Result "0-1"]
[WhiteElo "1698"]
[BlackElo "2111"]
[PlyCount "66"]
[EventDate "2014.??.??"]
[WhiteTeam "Hvidovre Skakklub"]
[BlackTeam "Roskilde Skakklub"]

1. Nf3 f5 2. d4 Nf6 3. c4 g6 4. Nc3 Bg7 5. e3 d6 6. Be2 O-O 7. O-O c6 8. Nd2
Qc7 9. f4 e5 10. fxe5 dxe5 11. Nf3 e4 12. Nh4 Be6 13. b3 Rd8 14. Qe1 Na6 15. a3
Qd7 16. Rb1 Nc7 17. g3 Rab8 18. Ng2 b5 19. cxb5 cxb5 20. Nf4 Bf7 21. b4 Nfe8
22. Bd1 Nd6 23. Bb3 Nc4 24. Rf2 Rb6 25. Ra2 Rc6 26. a4 a6 27. axb5 axb5 28. Ra7
Bxd4 29. Rxc7 Rxc7 30. Bxc4 Bxc3 31. Bxf7+ Kxf7 32. Qf2 Qd1+ 33. Kg2 Bd2 0-1

[Event "Xtracon Grand Master 2014"]
[Site "Asgaard Skole"]
[Date "2014.10.12"]
[Round "3.20"]
[White "Nielsen, Bjørn"]
[Black "Madsen, Michael Ole"]
[Result "0-1"]
[WhiteElo "1398"]
[BlackElo "2071"]
[PlyCount "80"]
[EventDate "2014.??.??"]
[WhiteTeam "Nørrebro Skakklub"]
[BlackTeam "Allerød Skakklub"]

1. e4 c6 2. Nc3 d5 3. exd5 cxd5 4. d4 Nc6 5. Bb5 Bf5 6. a3 e6 7. Bd2 Nf6 8.
Nce2 Bd6 9. Ng3 Bg6 10. N1e2 Rc8 11. c3 O-O 12. O-O Qb6 13. Bxc6 bxc6 14. b4 a5
15. Qb3 Bd3 16. Rfe1 c5 17. dxc5 Bxc5 18. Nd4 Bxd4 19. cxd4 Qxd4 20. Be3 Qc4
21. Qb2 axb4 22. axb4 Rb8 23. Bc5 Qxc5 24. Ra4 Rfc8 25. Ne2 Bxe2 26. Qxe2 Rxb4
27. Raa1 Rc4 28. g3 Rc2 29. Qf1 Ne4 30. Rxe4 dxe4 31. Kg2 e3 32. Kf3 Rxf2+ 33.
Qxf2 exf2 34. Rf1 Qf5+ 35. Kg2 Rc2 36. h4 Qe4+ 37. Kh2 Qe2 38. Kg2 h5 39. g4
Qxg4+ 40. Kh1 Qh3# 0-1

[Event "Xtracon Grand Master 2014"]
[Site "Asgaard Skole"]
[Date "2014.10.12"]
[Round "3.21"]
[White "Henriksen, Kasper"]
[Black "Petersen, Rasmus"]
[Result "1/2-1/2"]
[WhiteElo "2055"]
[BlackElo "1627"]
[PlyCount "101"]
[EventDate "2014.??.??"]
[WhiteTeam "Køge Skakklub"]
[BlackTeam "Helsinge Skakklub"]

1. d4 Nf6 2. c4 e6 3. Nc3 Bb4 4. e3 O-O 5. Nge2 c5 6. a3 cxd4 7. axb4 dxc3 8.
Nxc3 d5 9. cxd5 Nxd5 10. Nxd5 Qxd5 11. Qxd5 exd5 12. Bd2 Be6 13. Bc3 Nd7 14.
Bd3 Nb6 15. Bd4 Nc4 16. b3 Nd6 17. Ke2 a6 18. Ra5 Rac8 19. f3 Rc6 20. g4 Rfc8
21. Rha1 f6 22. Kd2 Nb5 23. Bc5 Nd6 24. R5a3 Nb5 25. R3a2 Kf7 26. h4 h6 27. Ra5
Nd6 28. Bd4 g6 29. Rg1 f5 30. g5 h5 31. Be5 d4 32. exd4 Bxb3 33. d5 Nc4+ 34.
Bxc4 Rxc4 35. Rb1 b6 36. Rxa6 Rc2+ 37. Ke3 Bxd5 38. Rxb6 R8c6 39. Rxc6 Rxc6 40.
b5 Rb6 41. Bc7 Re6+ 42. Kf4 Re2 43. Rd1 Bb7 44. Be5 Bxf3 45. Kxf3 Rxe5 46. Rb1
Re7 47. Kf4 Re4+ 48. Kf3 Re7 49. Kf4 Re4+ 50. Kf3 Re7 51. Kf4 1/2-1/2

[Event "Xtracon Grand Master 2014"]
[Site "Asgaard Skole"]
[Date "2014.10.12"]
[Round "3.22"]
[White "Pondal, Jesper"]
[Black "Brinck-Claussen, Bjørn"]
[Result "0-1"]
[WhiteElo "1960"]
[BlackElo "2227"]
[PlyCount "88"]
[EventDate "2014.??.??"]
[WhiteTeam "Køge Skakklub"]
[BlackTeam "Sjælsø Skakklub"]

1. d4 Nf6 2. Bg5 c5 3. Bxf6 gxf6 4. dxc5 Na6 5. e3 Nxc5 6. Nd2 f5 7. Nb3 Bg7 8.
c3 Ne4 9. Qc2 e6 10. Nf3 b6 11. Rd1 Qc7 12. Nfd4 a6 13. Be2 Bb7 14. Bf3 Nf6 15.
Qe2 O-O 16. Bxb7 Qxb7 17. Qf3 Rab8 18. Qxb7 Rxb7 19. O-O Rc8 20. Ne2 d5 21. Ng3
Nd7 22. Rd2 Ne5 23. Nd4 b5 24. Rb1 Nc4 25. Rdd1 Nd6 26. f4 b4 27. cxb4 Rxb4 28.
b3 Bxd4 29. Rxd4 Rxd4 30. exd4 Nb5 31. Rd1 Rc2 32. a4 Nc3 33. Rd3 a5 34. h3 Kf8
35. Nh5 Ke7 36. Kh2 Ne4 37. h4 Nf2 38. Rf3 Ng4+ 39. Kg3 Rd2 40. Rc3 Rxd4 41.
Kf3 Kd6 42. Ng3 Rb4 43. Ne2 d4 44. Rd3 e5 0-1

[Event "Xtracon Grand Master 2014"]
[Site "Asgaard Skole"]
[Date "2014.10.12"]
[Round "3.23"]
[White "Andersen, Morten"]
[Black "Schmidt, Horst Hubert"]
[Result "1-0"]
[WhiteElo "2115"]
[BlackElo "1764"]
[PlyCount "53"]
[EventDate "2014.??.??"]
[WhiteTeam "Skakforeningen Odysseus"]
[BlackTeam "Brønshøj Skakforening"]

1. c4 Nf6 2. g3 e6 3. Nf3 c6 4. Bg2 d5 5. d4 Bb4+ 6. Bd2 Bd6 7. O-O O-O 8. Nc3
Nbd7 9. Qb3 b6 10. cxd5 cxd5 11. Nb5 Ne4 12. Nxd6 Nxd6 13. Bb4 Nf6 14. Rfc1 Re8
15. Ne5 Bb7 16. a4 Nf5 17. e3 Rc8 18. Bf1 a6 19. Ba5 Nd7 20. Nxd7 Qxd7 21. Bxb6
Nd6 22. Ba5 Rc6 23. Rxc6 Qxc6 24. Qb6 Rc8 25. Qxc6 Rxc6 26. Be1 Rc2 27. Bc3 1-0

[Event "Xtracon Grand Master 2014"]
[Site "Asgaard Skole"]
[Date "2014.10.12"]
[Round "3.24"]
[White "Nielsen, John Holm"]
[Black "Hansen, Lars-Henrik Bech"]
[Result "1/2-1/2"]
[WhiteElo "2022"]
[BlackElo "2001"]
[PlyCount "86"]
[EventDate "2014.??.??"]
[WhiteTeam "Enkeltmedlem 1. HK"]
[BlackTeam "BMS Skak"]

1. Nc3 g6 2. e4 d6 3. d4 Nf6 4. Nf3 Bg7 5. h3 O-O 6. Be3 c6 7. Qd2 b5 8. Bd3
Nbd7 9. O-O Bb7 10. Bh6 a5 11. Bxg7 Kxg7 12. e5 dxe5 13. dxe5 Ne8 14. Rad1 Nc5
15. Ne4 Qb6 16. Qe3 Nd7 17. Qxb6 Nxb6 18. Nc5 Rb8 19. Be4 Ba8 20. Nd7 Nxd7 21.
Rxd7 f5 22. Rxe7+ Rf7 23. Rxf7+ Kxf7 24. Bd3 Nc7 25. Ng5+ Kg7 26. f4 Rd8 27.
Rd1 h6 28. Nf3 c5 29. Kf2 Ne6 30. g3 Be4 31. Be2 Rxd1 32. Bxd1 g5 33. Ke3 gxf4+
34. gxf4 b4 35. c3 bxc3 36. bxc3 Nc7 37. c4 Bxf3 38. Bxf3 Ne6 39. Bd5 Nd4 40.
h4 Kf8 41. Kd3 Ke7 42. Bg8 Nf3 43. h5 Nd4 1/2-1/2

[Event "Xtracon Grand Master 2014"]
[Site "Asgaard Skole"]
[Date "2014.10.12"]
[Round "3.25"]
[White "Akdag, Dara Sevkan"]
[Black "Larsen, Arne Walther"]
[Result "1-0"]
[WhiteElo "2193"]
[BlackElo "1894"]
[PlyCount "51"]
[EventDate "2014.??.??"]
[WhiteTeam "BMS Skak"]
[BlackTeam "Hvidovre Skakklub"]

1. d4 Nf6 2. c4 g6 3. Nc3 Bg7 4. e4 d6 5. Nf3 O-O 6. Be2 e5 7. O-O Nc6 8. d5
Ne7 9. b4 Ne8 10. a4 f5 11. Ba3 Nf6 12. Nd2 fxe4 13. Ndxe4 Nf5 14. c5 Nxe4 15.
Nxe4 Qh4 16. Bd3 Nd4 17. cxd6 cxd6 18. Nxd6 Bg4 19. f3 Bxf3 20. gxf3 Bh6 21.
Kh1 Be3 22. Nb5 Nf5 23. Bxf5 Rxf5 24. Qe1 Qf4 25. Qg3 Qc4 26. Nd6 1-0

[Event "Xtracon Grand Master 2014"]
[Site "Asgaard Skole"]
[Date "2014.10.12"]
[Round "3.26"]
[White "Severinsen, Frank"]
[Black "Andersen, Daniel"]
[Result "0-1"]
[WhiteElo "1792"]
[BlackElo "1957"]
[PlyCount "96"]
[EventDate "2014.??.??"]
[WhiteTeam "Skakklubben K41"]
[BlackTeam "Frederikssund Skakklub"]

1. e4 e6 2. d4 d5 3. Nd2 Nf6 4. e5 Nfd7 5. f4 c5 6. Ngf3 Nc6 7. c3 cxd4 8. cxd4
Qb6 9. Nb3 Be7 10. Be3 f6 11. Bd3 fxe5 12. fxe5 Ndxe5 13. Nxe5 Nxe5 14. Qh5+
Nf7 15. O-O g6 16. Bxg6 hxg6 17. Qxg6 Rf8 18. Bh6 e5 19. Qxb6 axb6 20. Bxf8
Bxf8 21. dxe5 Be6 22. Rf6 Nd8 23. h4 Be7 24. Rh6 Kd7 25. g3 Ra4 26. Nd2 Rd4 27.
Nf3 Rd3 28. Kg2 d4 29. a3 Bd5 30. Rf1 Nc6 31. Rh5 Re3 32. e6+ Kd6 33. g4 Ne5
34. Rf5 Nxf3 35. R1xf3 Rxf3 36. Rxf3 Bxf3+ 37. Kxf3 Bxh4 38. Ke4 Bf6 39. b3
Kxe6 40. g5 Bg7 41. a4 Bh8 42. g6 Bf6 43. b4 Bh8 44. a5 bxa5 45. bxa5 Bg7 46.
Kd3 Kd5 47. Kc2 Kc5 48. Kd3 Kb5 0-1